000 00646nam a2200241Ia 4500
003 OSt
005 20221005131446.0
006 a|||||r|||| 00| 0
007 ta
008 221004b |||||||| |||| 00| 0 hin d
024 _a59556
037 _cTextual
040 _aCRL
_cCRL
_bhin
041 _2hin
_ahin
082 _aO152,3N25:11, 33K7
100 _aMurthy M. S. Krishna Au.
_9630687
245 0 _aSooryna elaneya kudure
260 _c1967
650 _a HINDI LITERATURE
_923866
650 _aHINDI FICTION
942 _hO152,3N25:11, 33K7
_cTEXL
_2cc
999 _c1060401
_d1060401